00501nam a22001457a 4500003000400000005001700004008004100021040002100062050002600083100002600109245010800135260003000243300000900273650007300282OSt20260506120114.0260506b |||||||| |||| 00| 0 eng d cChuka University aTHE GF I25b.M84 2024 aHenry Murithi Mugambi aSpatial Variations in the adoption of agroforestry by small scale farmers in Tharaka Nithi County,Kenya aChuka, KenyabChukac2024 a125P a1. Agroforestry adoption 2. Spatial variation 3. Small scale farmers